Geography Quiz

Random Geography or City Quiz

30 Second Tourist: New York City Quiz Stats

Quiz Updated Dec 22, 2014

Challenge
Share
Tweet
Score 0/13 Timer 00:30
8 Plays Today
% Correct
Brooklyn
86.9%
Empire State
86.6%
Chrysler
84.6%
Central
82.5%
42nd
82.3%
Statue of
80.8%
Rockefeller
76.3%
Grand Central
76.3%
Museum of
75.4%
Radio City
73.4%
Times
72.9%
Metropolitan
71.6%
Wall
68.6%

You're not logged in!

Compare scores with friends on all Sporcle quizzes.
Sign Up with Email
OR
Log In

You Might Also Like...

Show Comments

Extras

Top Quizzes Today


Score Distribution

Your Account Isn't Verified!

In order to create a playlist on Sporcle, you need to verify the email address you used during registration. Go to your Sporcle Settings to finish the process.